00492 2200205 4500001002100000005001500021008004100036020001800077035001900095041000700114082000800121090001400129100002400143245002200167250001200189260003400201300003000235500001000265650001100275INLIS00000000000126720241224112322241224||||||||| | ||| |||| || |  a979-24-5769-0 0010-1224001267 aid0 a415 a415 RAF m0 aRafi El-Imad Faynan00aMahir Bahasa Arab aEd. Rev aBandungbPenerbit Marjac2013 a216 hlm.; 15,5 x 23,5 cm. aCet.1 0aBahasa